| 000 | 00413nam a22001697a 4500 | ||
|---|---|---|---|
| 003 | JO-AjAnu | ||
| 005 | 20241019122724.0 | ||
| 008 | 241019b jo ||||| |||| 00| 0 ara d | ||
| 020 | _a1-2016-7972-1-978 | ||
| 040 | _cJO-AjAnu | ||
| 041 | _hENG | ||
| 100 |
_aSable, Maison de _eAuthor _966341 |
||
| 245 |
_aDesign Dreams _c / Maison de Sable |
||
| 300 | _a207 : pages | ||
| 650 | _vDesign | ||
| 942 |
_2lcc _cBK _n0 |
||
| 999 |
_c33771 _d33771 |
||